Нормален изглед
MARC изглед
- Тейлър, Елинор
Вход 01. Лично име
001 - Контролен номер на записа
- Контролно поле: 468156
003 - Код на организацията, даваща контролен номер
- Контролно поле: BLK
005 - Дата и час на последна промяна на записа
- Контролно поле: 20211201082351.0
008 - Данни с фиксирана дължина – обща информация
- Данни с фиксирана дължина : 211201|| aca||aabn | a|a d
100 ## - ИМЕ НА ЛИЦЕ -ПЪРВИЧНА ИНТЕЛЕКТУАЛНА ОТГОВОРНОСТ
- Лично име: Тейлър, Елинор
- Ключова дума за отношение: ил.
942 ## - Системна служебна употреба
- Koha auth type: PERSO_NAME